| 000 | 00955nam a2200265Ia 4500 | ||
|---|---|---|---|
| 003 | OSt | ||
| 005 | 20220925232105.0 | ||
| 006 | a|||||r|||| 00| 0 | ||
| 007 | ta | ||
| 008 | 220923b |||||||| |||| 00| 0 eng d | ||
| 020 | _a0891480358 | ||
| 037 | _cGeneral Book | ||
| 040 |
_aRTL _cRTL _beng |
||
| 041 |
_2eng _aeng |
||
| 082 | _aY31:6.235G.N8, M6 | ||
| 100 |
_aDandekar Hemalata C _9138323 |
||
| 245 | 0 |
_aMen to bombay women at home _b Urban influence on Sugao village deccan Maharastra, India,1942-1982 |
|
| 260 |
_aMichigan _bUniversity of Michigan _c1986 |
||
| 300 |
_axix, 325p _ccm. |
||
| 490 | _aMichigan Papers on South and Southeast Asia. 28. University of Michigan, Centre for South and Southeast Asian Studies | ||
| 500 | _aBibliography: P 311-17; Glossary: P 305-10 | ||
| 650 |
_aRural Social Change _9232348 |
||
| 942 |
_hY31:6.235G.N8, M6 _cGB _2CC |
||
| 999 |
_c590270 _d590270 |
||